Auto Mechanics 101 - common auto parts (clickable) Quiz Stats

 Plays Quiz not verified by Sporcle

Score 0/25 Timer 04:00
4 Plays Today
% Correct
horn
95%
speedometer
81.8%
battery
70.6%
alternator
68.8%
fuel gauge
61.5%
distributor
59.4%
air filter
59.2%
catalytic converter
57.9%
spark plug
55.8%
radiator
55.6%
shock absorber
55.3%
air bag
54.9%
fuse
54.2%
% Correct
sun visor
52.9%
piston
47.6%
hose
47.6%
ball joint
47%
gasket
45.2%
brake pad
44.3%
master cylinder
43%
crankshaft
41.9%
differential
41.5%
starter
41.3%
control arm
38.3%
belt
37.5%

You're not logged in!

Compare scores with friends on all Sporcle quizzes.
OR
Log In

You Might Also Like...

Show Comments

Extras

Top Quizzes Today


Score Distribution

Your Account Isn't Verified!

In order to create a playlist on Sporcle, you need to verify the email address you used during registration. Go to your Sporcle Settings to finish the process.

Report this User

Report this user for behavior that violates our Community Guidelines.

Details: